Décodage: 10 signe morse aléatoires - Statistiques

Statistiques générales
  • Ce quiz a été pris 1 497 fois
  • Le résultat moyen est 8 sur 10
Statistiques - réponses
Morse lettre % Correct
--- O
99%
.... H
96%
- T
94%
-- M
93%
... S
93%
. E
92%
-.-. C
91%
-. N
91%
.- A
89%
.. I
89%
.-.. L
89%
.-. R
88%
-.- K
83%
-... B
82%
--.. Z
82%
-.. D
81%
-..- X
81%
...- V
80%
.--- J
78%
--. G
75%
.--. P
74%
..- U
74%
..-. F
72%
--.- Q
72%
-.-- Y
68%
.-- W
61%
Aucun quiz correspondant
Distribution des résultats
% des personnes avec chaque résultat
Percentile par nombre de réponses
Votre historique - résultats
Vous n’avez pas pris ce quiz